000 00531nam a2200157Ia 4500
008 151213s9999 xx 000 0 und d
100 _aএম শফিউল্লাহ।
245 _aসেরা কজন মুসলিম বিজ্ঝানী।
_cএম শফিউল্লাহ।
250 _a১ম স
260 _aঢাকা
_bঐতিহ্য।
_c2002
300 _a3467 p.
650 _aBangla
650 _aবিজ্ান।
700 _aএম শফিউল্লাহ।
999 _c2293
_d2293